Central Library OPAC University of Rajshahi

People's courts in the U. S. S. R. / (Record no. 50429)

MARC details
000 -LEADER
fixed length control field 00636nam a2200205 a 4500
001 - CONTROL NUMBER
control field 50429
003 - CONTROL NUMBER IDENTIFIER
rucl marc code BD-RjUL
005 - DATE AND TIME OF LATEST TRANSACTION
control field 20211209075515.0
008 - FIXED-LENGTH DATA ELEMENTS--GENERAL INFORMATION
fixed length control field 160827s1957 sv 000 0 eng
035 ## - SYSTEM CONTROL NUMBER
System control number (BD-RjUL)50549
040 ## - CATALOGING SOURCE
Original cataloging agency BD-RjUL
Transcribing agency WGrU
Modifying agency IEN-L
-- DLC
Language of cataloging eng
041 ## - LANGUAGE CODE
Language code of text/sound track or separate title eng
082 ## - DEWEY DECIMAL CLASSIFICATION NUMBER
Edition number 23
Classification number 347.4203
Author mark and year SHP 1957
100 1# - MAIN ENTRY--PERSONAL NAME
Personal name Sheinin, L
Dates associated with a name 1905-
9 (RLIN) 151107
245 10 - TITLE STATEMENT
Title People's courts in the U. S. S. R. /
Statement of responsibility, etc. L. Sheinin, [Translated from the Russian by George H. Hanna]
260 ## - PUBLICATION, DISTRIBUTION, ETC. (IMPRINT)
Place of publication, distribution, etc. Moscow, :
Name of publisher, distributor, etc. Foreign Languages Pub. House,
Date of publication, distribution, etc. 1957.
300 ## - PHYSICAL DESCRIPTION
Pagination 111 p. ;
Size 20 cm.
650 #0 - SUBJECT ADDED ENTRY--TOPICAL TERM
Topical term or geographic name as entry element Courts
Geographic subdivision Soviet Union.
9 (RLIN) 151108
942 ## - ADDED ENTRY ELEMENTS (KOHA)
Source of classification or shelving scheme Dewey Decimal Classification
Koha item type Books
Holdings
Lost status Source of classification or shelving scheme Damaged status Not for loan Collection code Permanent Location Current Location Shelving location Date acquired Source of acquisition Total Checkouts Full call number Date last seen Copy number Koha item type
  Dewey Decimal Classification     Non-fiction Central Library, University of Rajshahi Central Library, University of Rajshahi   25/09/1958 karachi : U.S.S.R   347.4203 SHP 1957 27/08/2016 C-2 Books
  Dewey Decimal Classification   Not For Loan Non-fiction Central Library, University of Rajshahi Central Library, University of Rajshahi Reading Room 25/09/1958 U.S. S. R. Karachi   347.4203 SHP 1957 26/12/2016 C-1 Books